Normal view MARC view
  • Sheldon Rose

Entry Personal Name

Number of records used in: 4

001 - CONTROL NUMBER

  • control field: 224

003 - CONTROL NUMBER IDENTIFIER

  • control field: NUST

005 - DATE AND TIME OF LATEST TRANSACTION

  • control field: 20170509154144.0

008 - FIXED-LENGTH DATA ELEMENTS

  • fixed length control field: 170509|| aca||aabn | a|a d

040 ## - CATALOGING SOURCE

  • Original cataloging agency: NUST
  • Transcribing agency: NUST

100 ## - HEADING--PERSONAL NAME

  • Personal name: Sheldon Rose

670 ## - SOURCE DATA FOUND

  • Source citation: Work cat.: (NUST)24417: Sheldon Rose, A First Course in Probablity, c2002.
© 2023 Central Library, National University of Sciences and Technology. All Rights Reserved.